The scope of natural plant extracts as environment-friendly biopesticides (Record no. 71033)

MARC details
000 -LEADER
fixed length control field 00368nam a2200133Ia 4500
100 ## - MAIN ENTRY--AUTHOR NAME
Personal name Singh Harbant
245 #4 - TITLE STATEMENT
Title The scope of natural plant extracts as environment-friendly biopesticides
260 ## - PUBLICATION, DISTRIBUTION, ETC. (IMPRINT)
Name of publisher Planter
Year of publication 1997
300 ## - PHYSICAL DESCRIPTION
Number of Pages 33-34
650 ## - SUBJECT ADDED ENTRY--TOPICAL TERM
Topical Term Biopesticides
650 ## - SUBJECT ADDED ENTRY--TOPICAL TERM
Topical Term Natural plant extracts
942 ## - ADDED ENTRY ELEMENTS (KOHA)
Koha item type Journals
Holdings
Withdrawn status Lost status Damaged status Not for loan Home library Current library Shelving location Date acquired Serial Enumeration / chronology Koha item type
      Journals RRII Library RRII Library Pathology 17/12/2021 Volume 73, Issue 850 Journals